000 00641cam a2200157 4500
001 ABS60821
008 000000n1999 000 0 eng u
035 _a(Sirsi) u101319
100 _aMacharg, M.
245 4 _aThe message is beware.
260 _c1999
490 _aEstates Gazette
_v(9924) 19 June 1999, 143-145(2)
520 _aHighlights the potential pitfalls of e-mail, including questions of confidentiality, copyright, data protection, viruses, defamation and harassment. Cautions that employers are generally vicariously liable for the conduct of their employees.
690 _aOFFICE SERVICES AND ADMINISTRATION
942 _n0
999 _c60468
_d60468